| 000 | 00381nam a22001337a 4500 | ||
|---|---|---|---|
| 999 |
_c115179 _d115179 |
||
| 005 | 20220113152925.0 | ||
| 008 | 191224b ||||| |||| 00| 0 eng d | ||
| 040 | _cPK-LaUMT | ||
| 082 |
_a346.00264 _bUNR- |
||
| 245 |
_aUnreported Cases [U.C, Vol. IX, 1988] _cedited by M. Farani. . .[et al.] |
||
| 260 |
_aLahore: _bNational Law Reporter, _c1988 |
||
| 300 | _a616 p. | ||
| 942 | _cLPJ | ||